Grace, glory and gaffe: India’s defence and security @ 75 (Record no. 395582)

MARC details
000 -LEADER
fixed length control field 00611nam a22002177a 4500
005 - DATE & TIME
control field 20260130160256.0
008 - FIXED-LENGTH DATA ELEMENTS--GENERAL INFORMATION
fixed length control field 260129b |||||||| |||| 00| 0 eng d
020 ## - ISBN
International Standard Book Number 9788196329648
Price Rs. 649.00
040 ## - CATALOGING SOURCE
Original cataloging agency VIVEKANANDA LIBRARY
082 ## - DDC NUMBER
Classification number 355.033054
Book Number S19G
100 ## - MAIN ENTRY--PERSONAL NAME
Personal name Sahasrabuddhe, Uttara, ed.
245 ## - TITLE STATEMENT
Title Grace, glory and gaffe: India’s defence and security @ 75
260 ## - PUBLICATION, DISTRIBUTION, ETC. (IMPRINT)
Name of publisher, distributor, etc Kabdwal Book International
Date of publication, distribution, etc 2023
Place of publication, distribution, etc Mumbai
300 ## - PHYSICAL DESCRIPTION
Pages xii, 302
650 ## - Subject
Subject Military Science
650 ## - Subject
Subject Defence Policy
650 ## - Subject
Subject National Security
650 ## - Subject
Subject India
700 ## - Added Entry Personal Name
Added Entry Personal Name Ranade, Akshay, ed.
942 ## - ADDED ENTRY ELEMENTS (KOHA)
Koha item type Books
Holdings
Withdrawn status Lost status Source of classification or shelving scheme Damaged status Not for loan Location (home branch) Sublocation or collection (holding branch) Shelving location Date acquired Koha issues (times borrowed) Koha full call number Accession No. Koha date last seen Koha item type
    Dewey Decimal Classification     VIVEKANANDA LIBRARY VIVEKANANDA LIBRARY Vivekananda Library 07/01/2026   355.033054 S19G 444045 07/01/2026 Books
© Designed and Maintained by Vivekananda Library, MDU Rohtak